000 00711cam a22002533a 4500
001 705
003 PGUSA
005 20140828082951.0
008 961101s1996||||xxu|||||s|||||000 1 eng d
040 _aPGUSA
_beng
042 _adc
050 4 _aPR
100 1 _aFairless, Michael,
_d1869-1901
245 1 4 _aThe Roadmender
_h[electronic resource] /
_cMichael Fairless
260 _bProject Gutenberg,
_c1996
505 0 _aThe roadmender -- Out of the shadow -- At the white gate.
506 _aPublic domain in the USA.
516 _aElectronic text
653 _aFiction
653 _aShort stories
830 0 _aProject Gutenberg
_v705
856 4 0 _uhttp://www.gutenberg.org/ebooks/705
942 _cEB
999 _c230056
_d230056